Statistics for Countries with 2 Largest Cities Furthest Apart

Click here to take the quiz!

General Stats

  • This quiz has been taken 68 times
  • The average score is 11 of 15

Answer Stats

CityCityDistance (km)Country% Correct
New YorkLos Angeles3937United States
100%
DelhiMumbai1154India
98%
ShanghaiBeijing1068China
96%
KinshasaMbuji-Mayi940Democratic Republic of the Congo
95%
JohannesburgCape Town1262South Africa
93%
AlmatyAstana973Kazakhstan
85%
LagosKano834Nigeria
84%
KarachiLahore1025Pakistan
84%
KhartoumNyala913Sudan
75%
RiyadhJeddah843Saudi Arabia
69%
Ho Chi Minh CityHanoi1146Vietnam
64%
Dar es SalaamMwanza853Tanzania
58%
MaputoNampula1398Mozambique
51%
MogadishuHargeysa848Somalia
44%
MuscatSalalah871Oman
16%

Score Distribution

Percentile by Number Answered

Percent of People with Each Score

Your Score History

You have not taken this quiz